|
|
|
|
| LEADER |
00000nam a2200000 a 4500 |
| 001 |
vtls008839784 |
| 003 |
SK-MaSNL |
| 005 |
20260302004647.0 |
| 008 |
240318s2006 xo d j o000 0 slo |
| 013 |
|
|
|a 285 138
|b du
|c patentový spis
|d 20060707
|e dátum nadobudnutia účinkov patentu (Vestník ÚPV SR č.: 7/2006)
|d 20060614
|e dátum sprístupnenia patentu verejnosti
|
| 013 |
|
|
|a 640-98
|e číslo prihlášky
|d 19961114
|e dátum podania prihlášky
|d 19981007
|e dátum zverejnenia prihlášky (Vestník ÚPV SR č.: 10/1998)
|
| 013 |
|
|
|a A 1867/95
|e číslo prioritnej prihlášky
|d 19951115
|e dátum podania prioritnej prihlášky
|
| 040 |
|
|
|a SNK
|b slo
|c SNK
|e AACR2
|
| 100 |
1 |
|
|a Wagner, Helmut
|4 aut
|9 354627
|
| 245 |
1 |
0 |
|a Spôsob výroby farmaceuticky prijateľnej soli klavulanovej kyseliny
|
| 260 |
|
|
|a [Banská Bystrica]
|b Úrad priemyselného vlastníctva Slovenskej republiky
|c [2006]
|
| 999 |
|
|
|c 996721
|d 998651
|
| 952 |
|
|
|a SNK
|b SNK
|y PREZ
|7 0
|p 17A0518578
|o snkSK 285138
|i snk2006/16260
|8 0
|0 0
|1 0
|4 0
|d 2006-08-17
|l 0
|r 2026-02-24 12:06:29
|w 2026-02-24
|